000 00305nam a2200133Ia 4500
008 240703s9999 xx 000 0 und d
041 _aeng
100 _aWest
245 _aPeople Analytics For Dummies
260 _bWiley India
365 _cRS.
_b 799.00
906 _b35
999 _c41041
_d41041